Daňová sústava Slovenskej republiky v konkurencii daňových sústav krajín V4 diplomová práca

Salvato in:
Dettagli Bibliografici
Autore principale: Krupinský, Vladimír
Ente Autore: Národohospodárska fakulta EU. Katedra financií
Altri autori: Nekanovič, Miloslav
Natura: Libro
Lingua:slovacco
Pubblicazione: Bratislava 2008
Tags: Aggiungi Tag
Nessun Tag, puoi essere il primo ad aggiungerne!!

MARC

LEADER 00000nam$a2200000$$$4500
001 0078762
005 20240201114954.0
041 0 |a slo 
044 |a SK 
245 1 0 |a Daňová sústava Slovenskej republiky v konkurencii daňových sústav krajín V4  |b diplomová práca  |c Vladimír Krupinský ; škol. Miloslav Nekanovič 
264 1 |a Bratislava  |c 2008 
300 |a 76 s. 
100 1 |a Krupinský, Vladimír 
700 1 |a Nekanovič, Miloslav 
710 2 |a Národohospodárska fakulta EU. Katedra financií